Green Flags - Sudden Death - Statistics

General Stats
  • This quiz has been taken 2,581 times
  • The average score is 13 of 20
Answers on the Grid
Answers color-coded by a green-red scale on the quiz's grid according to % correct below.
Albania
Algeria
Angola
Argentina
Azerbaijan
Belarus
Bosnia and Herzegovina
Brazil
Burundi
Cambodia
Central African Republic
China
Comoros
Denmark
Dominica
Egypt
Estonia
France
Germany
Grenada
India
Indonesia
Italy
Kenya
Kyrgyzstan
Lesotho
Liberia
Liechtenstein
Madagascar
Maldives
Micronesia
Monaco
Nepal
Oman
Portugal
Qatar
Samoa
Seychelles
Singapore
Somalia
Sweden
Thailand
Tonga
Turkey
Turkmenistan
United Kingdom
United States
Vanuatu
 
Answer Stats
Answer % Correct
Brazil
88%
Algeria
85%
Italy
78%
India
74%
Portugal
71%
Belarus
70%
Central African Republic
66%
Azerbaijan
65%
Turkmenistan
63%
Maldives
62%
Madagascar
61%
Kenya
60%
Seychelles
60%
Burundi
58%
Comoros
58%
Grenada
57%
Dominica
56%
Oman
52%
Lesotho
50%
Vanuatu
44%
No matching quizzes found
Score Distribution
Percent of People with Each Score
Percentile by Number Answered
Your Score History
You have not taken this quiz